000
00226nam a2200097Ia 4500
001
775661
005
20250826165833.0
008
250824s9999 xx 000 0 und d
245
0
_a
MAHZEN
_c
JEFF ABBOTT
260
_b
MARTI YAYINLARI
999
_c
775661
_d
775661